[Event "Rated Blitz tournament oaoJqNwe"]
[Site "?"]
[Date "2021.07.11"]
[Round "?"]
[White "AF_BKD"]
[Black "om_gendut"]
[Result "0-1"]
[WhiteElo "2383"]
[BlackElo "2424"]
[PlyCount "88"]
[EventDate "2021.??.??"]
[EventType "blitz"]

1. e4 e5 2. Nf3 d5 3. d3 dxe4 4. dxe4 Qxd1+ 5. Kxd1 Bg4 6. Be2 Nc6 7. Nc3
O-O-O+ 8. Ke1 Nf6 9. a3 Bc5 10. Bg5 Be7 11. Bxf6 Bxf6 12. Nd5 Be7 13. Nxe7+
Nxe7 14. Nxe5 Be6 15. Bc4 Bxc4 16. Nxc4 Rhe8 17. f3 f5 18. Rd1 fxe4 19. Rxd8+
Kxd8 20. fxe4 Nf5 21. Nd2 Nd6 22. Kf2 Nxe4+ 23. Nxe4 Rxe4 24. Rd1+ Kc8 25. Rd3
b6 26. Rf3 Re7 27. Re3 Rd7 28. Re2 a5 29. g4 Kb7 30. a4 Rd4 31. b3 Rxg4 32. Kf3
Rh4 33. Kg3 g5 34. Re7 h6 35. Re6 Kc8 36. c4 Kd7 37. Rf6 Kc8 38. Rf5 Kb7 39. c5
bxc5 40. Rxc5 Kb6 41. Rb5+ Ka6 42. Rc5 Kb6 43. Rb5+ Kc6 44. Rc5+ Kxc5 {Normal}
0-1

[Event "Rated Blitz game"]
[Site "?"]
[Date "2021.07.11"]
[Round "?"]
[White "RED0S"]
[Black "KamranShirazi"]
[Result "0-1"]
[WhiteElo "2432"]
[BlackElo "2512"]
[PlyCount "108"]
[EventDate "2021.??.??"]
[EventType "blitz"]

1. e4 e5 2. Nf3 d5 3. d4 dxe4 4. Nxe5 Nd7 5. Nc4 f5 6. h4 Ngf6 7. Bf4 Nd5 8.
Qd2 Nxf4 9. Qxf4 Nf6 10. Ne3 Qxd4 11. Nxf5 Bxf5 12. Qxf5 Qxb2 13. Qb5+ Qxb5 14.
Bxb5+ c6 15. Ba4 Bb4+ 16. c3 Ba5 17. O-O O-O-O 18. Rc1 e3 19. fxe3 Ng4 20. Na3
b5 21. Bd1 Nxe3 22. Bf3 Kc7 23. c4 b4 24. Nc2 Bb6 25. Nxb4 Rd4 26. Nxc6 Rxc4
27. Rxc4 Nxc4+ 28. Kh2 Nd2 29. Rc1 Nxf3+ 30. gxf3 Kd6 31. Nb4 Re8 32. Kg3 Re2
33. Rc2 Re1 34. Rd2+ Ke6 35. Nd3 Rg1+ 36. Kh2 Ra1 37. Nf4+ Kf5 38. Nd5 Bc5 39.
Rc2 Bd6+ 40. Kg2 Ke5 41. Rd2 a5 42. Ne3 Bb4 43. Ng4+ Kf5 44. Re2 h5 45. Ne3+
Kg6 46. Nd5 Bc5 47. f4 Kf5 48. Rc2 Bd4 49. Rd2 Ke4 50. Nc7 Rg1+ 51. Kh2 Rg4 52.
Nb5 Be3 53. Nd6+ Kf3 54. Rd1 Rxh4# {Normal} 0-1

[Event "Rated Blitz tournament jNVw3Ude"]
[Site "?"]
[Date "2021.07.11"]
[Round "?"]
[White "Donnerhall"]
[Black "dr_xStranger"]
[Result "0-1"]
[WhiteElo "2688"]
[BlackElo "2533"]
[PlyCount "58"]
[EventDate "2021.??.??"]
[EventType "blitz"]

1. e4 e5 2. Nf3 d5 3. exd5 e4 4. Qe2 Nf6 5. d3 Bb4+ 6. Bd2 O-O 7. Bxb4 exf3 8.
Qxf3 Re8+ 9. Kd2 Nxd5 10. h4 Nxb4 11. Nc3 N8c6 12. Qf4 Nd4 13. h5 Nbxc2 14. Rc1
Nb4 15. h6 Qf6 16. Qxf6 gxf6 17. Ne4 Nd5 18. Rc5 c6 19. Rxd5 cxd5 20. Nxf6+ Kf8
21. Nxh7+ Ke7 22. Rh4 Nf5 23. Rh5 Rh8 24. g4 Rxh7 25. gxf5 Bd7 26. Bh3 Kf6 27.
Rh4 Rah8 28. Bg2 Rxh6 29. Bxd5 Rxh4 {Normal} 0-1

[Event "Rated Blitz game"]
[Site "?"]
[Date "2021.07.11"]
[Round "?"]
[White "agsjgm"]
[Black "hy847"]
[Result "1-0"]
[WhiteElo "2432"]
[BlackElo "2282"]
[PlyCount "33"]
[EventDate "2021.??.??"]
[EventType "blitz"]

1. e4 e5 2. Nf3 d5 3. Nxe5 Bd6 4. d4 dxe4 5. Nc4 Nf6 6. Nc3 O-O 7. Bg5 h6 8.
Bh4 Re8 9. Be2 Bf5 10. O-O a6 11. Ne3 Qd7 12. Bxf6 gxf6 13. Ncd5 Bxh2+ 14. Kxh2
Qd6+ 15. Kg1 Bg6 16. c4 Nc6 17. c5 {Normal} 1-0

[Event "Rated Blitz game"]
[Site "?"]
[Date "2021.07.11"]
[Round "?"]
[White "GuruChessAcademy"]
[Black "FourNinetySix"]
[Result "1-0"]
[WhiteElo "2485"]
[BlackElo "2520"]
[PlyCount "29"]
[EventDate "2021.??.??"]
[EventType "blitz"]

1. e4 e5 2. Nf3 d5 3. Nxe5 Bd6 4. d4 dxe4 5. Bf4 Nd7 6. Bc4 Nxe5 7. dxe5 Bb4+
8. Nd2 Bf5 9. c3 Be7 10. Qb3 Bg6 11. O-O-O Bg5 12. Bxg5 Qxg5 13. Qxb7 Rd8 14.
Qxc7 Ne7 15. Bb5+ {Normal} 1-0

[Event "Rated Blitz tournament oaoJqNwe"]
[Site "?"]
[Date "2021.07.11"]
[Round "?"]
[White "kokoro_bkd"]
[Black "Ahmad_BKD"]
[Result "0-1"]
[WhiteElo "2328"]
[BlackElo "2515"]
[PlyCount "46"]
[EventDate "2021.??.??"]
[EventType "blitz"]

1. e4 e5 2. Nf3 d5 3. d4 dxe4 4. Nxe5 Nc6 5. Bb5 Bd7 6. Nxd7 Qxd7 7. O-O a6 8.
Bxc6 Qxc6 9. d5 Qg6 10. Re1 O-O-O 11. Nc3 Bb4 12. Qe2 Nf6 13. Bf4 Bxc3 14. bxc3
Nxd5 15. Be5 Rhe8 16. Bd4 Nf4 17. Qf1 f5 18. Rab1 Re6 19. Be3 Nd5 20. Bd4 Rc6
21. f3 Nxc3 22. Bxc3 Rxc3 23. fxe4 fxe4 {Normal} 0-1

[Event "Rated Blitz game"]
[Site "?"]
[Date "2021.07.11"]
[Round "?"]
[White "Bibekthing"]
[Black "Fantastic_power06"]
[Result "0-1"]
[WhiteElo "2513"]
[BlackElo "2664"]
[PlyCount "128"]
[EventDate "2021.??.??"]
[EventType "blitz"]

1. e4 e5 2. Nf3 d5 3. exd5 e4 4. Qe2 Nf6 5. Nc3 Be7 6. Nxe4 O-O 7. d3 Re8 8.
Qd1 Qxd5 9. Nxf6+ Bxf6+ 10. Be2 c5 11. O-O Nc6 12. Re1 Bg4 13. h3 Bh5 14. Nd2
Rxe2 15. Rxe2 Nd4 16. f3 Nxe2+ 17. Qxe2 Bd4+ 18. Kh1 f5 19. Nc4 Re8 20. Qf1 b5
21. Nd2 Qe6 22. Nb3 Qe2 23. Bd2 Bxb2 24. Qxe2 Rxe2 25. Re1 Rxe1+ 26. Bxe1 c4
27. dxc4 bxc4 28. Na5 Bf7 29. Nc6 a6 30. Ne7+ Kf8 31. Nxf5 c3 32. a4 a5 33. Ne3
Be8 34. Nd1 Bxa4 35. Nxc3 Bxc2 36. Nb5 Bd3 37. Nc3 Ke8 38. Kg1 Bc2 39. Nb5 a4
40. Bb4 Kd7 41. Kf2 Bd3 42. Na3 Bd4+ 43. Ke1 Ke6 44. g3 Kd5 45. Kd2 Bf1 46. h4
h5 47. Nc2 Bf2 48. Ne3+ Bxe3+ 49. Kxe3 Kc4 50. Bf8 g6 51. Kf4 Be2 52. g4 Kb3
53. Ke4 hxg4 54. f4 g3 55. Bc5 a3 56. Ke3 a2 57. Bd4 Kc4 58. Ba1 g2 59. Kf2 Bf3
60. f5 gxf5 61. h5 Bxh5 62. Kxg2 Kd3 63. Kg3 Kc2 64. Kf4 Kb1 {Time forfeit} 0-1

[Event "Rated Blitz game"]
[Site "?"]
[Date "2021.07.11"]
[Round "?"]
[White "DanielPerchman"]
[Black "RJF72"]
[Result "1-0"]
[WhiteElo "2421"]
[BlackElo "2283"]
[PlyCount "63"]
[EventDate "2021.??.??"]
[EventType "blitz"]

1. e4 e5 2. Nf3 d5 3. d4 dxe4 4. Nxe5 Bd6 5. Nc3 Bxe5 6. dxe5 Qxd1+ 7. Kxd1 Nc6
8. Bf4 Bg4+ 9. Ke1 Nge7 10. h3 Be6 11. Nxe4 Ng6 12. Bg3 Ngxe5 13. Nc5 O-O-O 14.
Nxe6 fxe6 15. Bb5 h5 16. Bxc6 Nxc6 17. c3 Rd3 18. Ke2 Rhd8 19. Rad1 Rxd1 20.
Rxd1 Rxd1 21. Kxd1 Kd7 22. Ke2 Ne7 23. Be5 g6 24. g4 hxg4 25. hxg4 c5 26. Ke3
Nc6 27. Kf4 Nxe5 28. Kxe5 Ke7 29. c4 b6 30. a4 a6 31. b3 a5 32. g5 {Normal} 1-0

[Event "Rated Blitz game"]
[Site "?"]
[Date "2021.07.11"]
[Round "?"]
[White "Karin2007"]
[Black "annaly1979"]
[Result "1-0"]
[WhiteElo "2502"]
[BlackElo "2412"]
[PlyCount "127"]
[EventDate "2021.??.??"]
[EventType "blitz"]

1. e4 e5 2. Nf3 d5 3. Nxe5 Qe7 4. d4 f6 5. Qh5+ g6 6. Nxg6 Qxe4+ 7. Be2 Qxg6 8.
Qxd5 Ne7 9. Qh5 Nbc6 10. c3 Bf5 11. Bf4 O-O-O 12. Nd2 Nd5 13. Bg3 Bd6 14. O-O-O
Bc2 15. Rde1 Nf4 16. Bg4+ Kb8 17. Qxg6 Bxg6 18. Bxf4 Bxf4 19. g3 Bh6 20. f4
Rhe8 21. Bf3 Ne7 22. Re6 Nf5 23. Rxf6 Nd6 24. Bg4 a6 25. Re6 Rxe6 26. Bxe6 Re8
27. d5 c6 28. c4 cxd5 29. cxd5 Kc7 30. Re1 Bf5 31. Nf3 Nb5 32. Bxf5 Rxe1+ 33.
Nxe1 Nd4 34. Bxh7 Bg7 35. Kd2 Nb5 36. a4 Nd6 37. b3 b5 38. axb5 Nxb5 39. h4 Kd6
40. Be4 Nd4 41. b4 Bh6 42. h5 Nb5 43. Nd3 Bg7 44. g4 Bd4 45. g5 Bc3+ 46. Ke3
Bd4+ 47. Kf3 Bh8 48. h6 Nd4+ 49. Kg4 Ke7 50. g6 Kf6 51. g7 Bxg7 52. hxg7 Kxg7
53. d6 Kf6 54. d7 Ke7 55. Nc5 Ne2 56. Bf5 Nc3 57. Nb7 Nd5 58. d8=Q+ Kf7 59.
Qxd5+ Kf6 60. Qe6+ Kg7 61. Kg5 a5 62. Qd7+ Kf8 63. Kf6 Kg8 64. Qf7+ {Time
forfeit} 1-0

[Event "Rated Blitz tournament pdRZD7CO"]
[Site "?"]
[Date "2021.07.11"]
[Round "?"]
[White "chicago_blitzer"]
[Black "Schachelite"]
[Result "1-0"]
[WhiteElo "2493"]
[BlackElo "2491"]
[PlyCount "55"]
[EventDate "2021.??.??"]
[EventType "blitz"]

1. e4 e5 2. Nf3 d5 3. Nxe5 Bd6 4. d4 dxe4 5. Qh5 g6 6. Qe2 Qe7 7. Nc3 Bxe5 8.
dxe5 Qxe5 9. Qxe4 Qxe4+ 10. Nxe4 Bf5 11. Ng3 Bxc2 12. Bf4 c6 13. Bc4 b5 14. Kd2
bxc4 15. Rhe1+ Kd7 16. Kxc2 Ne7 17. Ne4 Nd5 18. Rad1 Kc8 19. Nd6+ Kd7 20. Nxf7
Rf8 21. Ne5+ Kc8 22. Bg3 Kb7 23. Nxc4 Na6 24. Nd6+ Kb6 25. Nc4+ Kc5 26. b3 Rae8
27. Bd6+ Kb5 28. a4# {Normal} 1-0

[Event "Rated Rapid game"]
[Site "?"]
[Date "2021.07.11"]
[Round "?"]
[White "sajadianpor"]
[Black "Gmelhor"]
[Result "1-0"]
[WhiteElo "2500"]
[BlackElo "2488"]
[PlyCount "49"]
[EventDate "2021.??.??"]
[EventType "rapid"]

1. e4 e5 2. Nf3 d5 3. Nxe5 Nd7 4. d4 Ngf6 5. exd5 Nxd5 6. Bd3 Bd6 7. O-O N7f6
8. a3 h5 9. c4 Ne7 10. Nc3 Bg4 11. Qe1 c6 12. Bf4 Bxe5 13. Bxe5 Qd7 14. h3
O-O-O 15. Qe3 b6 16. Rae1 Ng6 17. d5 Rhe8 18. f4 Bf5 19. c5 b5 20. Bxf5 Qxf5
21. dxc6 Rd3 22. Qe2 Nh4 23. Nxb5 Re7 24. Nd6+ Kd8 25. Nxf5 {Normal} 1-0

[Event "Rated Blitz game"]
[Site "?"]
[Date "2021.07.11"]
[Round "?"]
[White "RomanovRG"]
[Black "lanya_banana"]
[Result "1-0"]
[WhiteElo "2441"]
[BlackElo "2528"]
[PlyCount "63"]
[EventDate "2021.??.??"]
[EventType "blitz"]

1. e4 e5 2. Nf3 d5 3. exd5 e4 4. Qe2 Nf6 5. d3 Qxd5 6. Nbd2 Be7 7. Nxe4 O-O 8.
Nc3 Qd8 9. Be3 Nc6 10. Qd2 Ng4 11. Be2 Re8 12. Bf4 Bb4 13. O-O Qf6 14. Bg3 Nh6
15. Bxc7 Bg4 16. Rfe1 Nf5 17. Bg3 Nxg3 18. hxg3 Rac8 19. Nh2 Bxe2 20. Rxe2 Rxe2
21. Qxe2 Bxc3 22. bxc3 Qxc3 23. Re1 h6 24. Nf3 Nb4 25. Qe7 Nxc2 26. Rc1 Qb2 27.
Rd1 Nd4 28. Ne5 Qxa2 29. Qxb7 Re8 30. Re1 Qd2 31. Qxf7+ Kh7 32. Qg6+ {Normal}
1-0

[Event "Rated Blitz game"]
[Site "?"]
[Date "2021.07.11"]
[Round "?"]
[White "AjedrezHerMar"]
[Black "annaly1979"]
[Result "1-0"]
[WhiteElo "2523"]
[BlackElo "2410"]
[PlyCount "91"]
[EventDate "2021.??.??"]
[EventType "blitz"]

1. e4 e5 2. Nf3 d5 3. exd5 e4 4. Qe2 f5 5. d3 Nf6 6. dxe4 fxe4 7. Nc3 Bb4 8.
Qb5+ c6 9. Qxb4 exf3 10. Bg5 a5 11. Qa3 b5 12. Qc5 b4 13. Na4 Qxd5 14. Qe3+ Be6
15. Nb6 Ng4 16. Nxd5 Nxe3 17. Nxe3 O-O 18. gxf3 Nd7 19. O-O-O h6 20. Bh4 Ne5
21. Bg3 Nxf3 22. Bc4 Bxc4 23. Nxc4 a4 24. a3 bxa3 25. Nxa3 Ng5 26. Rd7 Ne4 27.
Be5 Rf7 28. Rxf7 Kxf7 29. Rd1 Re8 30. f4 Re7 31. Nc4 Ke6 32. Nd6 Nf2 33. Rg1 g5
34. Nc4 Ng4 35. fxg5 Nxe5 36. Re1 Kf5 37. Nxe5 Rxe5 38. Rxe5+ Kxe5 39. gxh6 Kf6
40. Kd2 Kg6 41. Kc3 Kxh6 42. Kb4 Kg5 43. Kxa4 Kf5 44. Kb4 Ke5 45. Kc5 Kf4 46.
h4 {Normal} 1-0

[Event "Rated Blitz game"]
[Site "?"]
[Date "2021.07.11"]
[Round "?"]
[White "lotrg"]
[Black "Mrkool1_2020"]
[Result "1-0"]
[WhiteElo "2424"]
[BlackElo "2249"]
[PlyCount "89"]
[EventDate "2021.??.??"]
[EventType "blitz"]

1. e4 e5 2. Nf3 d5 3. exd5 e4 4. Nd4 Qxd5 5. Nb3 Nf6 6. Nc3 Qe5 7. Be2 Bd6 8.
d4 exd3 9. Qxd3 a6 10. Qe3 Nc6 11. O-O Be6 12. Qxe5 Bxe5 13. Nc5 Bc8 14. Bf3
O-O 15. Bg5 Nd7 16. Nd3 Bd4 17. Rad1 h6 18. Bf4 Nde5 19. Nxe5 Bxe5 20. Bxe5
Nxe5 21. Bd5 c6 22. Bb3 b5 23. Rfe1 Ng6 24. Rd6 Bb7 25. Rxg6 c5 26. Rb6 Rab8
27. Bd5 Bxd5 28. Rxb8 Rxb8 29. Nxd5 Rd8 30. Ne3 Rd6 31. Rd1 Re6 32. Kf1 g6 33.
Ke2 Kg7 34. f3 c4 35. c3 h5 36. Rd7 Kf8 37. Kf2 Ke8 38. Rd4 Kf8 39. Nd5 f5 40.
a4 Rc6 41. Nb4 Rb6 42. a5 Re6 43. Rd7 f4 44. Nd5 Re5 45. Nxf4 {Normal} 1-0

[Event "Rated Blitz tournament 1PKB7ZGY"]
[Site "?"]
[Date "2021.07.11"]
[Round "?"]
[White "JAIGANESH_1818"]
[Black "om_gendut"]
[Result "0-1"]
[WhiteElo "2298"]
[BlackElo "2409"]
[PlyCount "150"]
[EventDate "2021.??.??"]
[EventType "blitz"]

1. e4 e5 2. Nf3 d5 3. d4 dxe4 4. Nxe5 Bd6 5. Bf4 Nf6 6. Bc4 O-O 7. O-O Qe7 8.
Nc3 Nbd7 9. Nxd7 Bxd7 10. Bxd6 Qxd6 11. Qd2 Rad8 12. h3 Rfe8 13. Rad1 a6 14.
Qe3 Bf5 15. Bb3 b5 16. Ne2 a5 17. a4 c6 18. axb5 cxb5 19. c4 bxc4 20. Bxc4 Qb4
21. b3 a4 22. Qc3 Qxc3 23. Nxc3 axb3 24. Bxb3 Bg6 25. d5 Rb8 26. Ba4 Red8 27.
d6 Rb6 28. Rd4 Rbxd6 29. Rxd6 Rxd6 30. Rb1 h6 31. Rb8+ Kh7 32. g4 Rd3 33. Ne2
Ra3 34. Bc2 Rxh3 35. Nf4 Rc3 36. Bb1 Nxg4 37. Nxg6 Kxg6 38. Bxe4+ f5 39. Bb1
Rc1+ 40. Kg2 Rc5 41. Rb4 Nf6 42. Rh4 Re5 43. Kf3 Kf7 44. Rf4 Ke6 45. Ba2+ Kd6
46. Bb1 g6 47. Rd4+ Ke6 48. Ba2+ Ke7 49. Ra4 Ne4 50. Ra7+ Kf6 51. Ra6+ Kg5 52.
Bf7 Nf6 53. Kg3 Ne4+ 54. Kg2 Nf6 55. f4+ Kxf4 56. Rxf6 g5 57. Bg6 Re2+ 58. Kf1
Re5 59. Bh5 g4 60. Rxh6 Kg5 61. Rh8 f4 62. Be8 g3 63. Rh5+ Kf6 64. Rh6+ Ke7 65.
Bg6 f3 66. Rh3 Rg5 67. Be4 f2 68. Kg2 Kd6 69. Bf3 Ke5 70. Kf1 Kf4 71. Bg2 Ke3
72. Rh4 Rc5 73. Re4+ Kd3 74. Re2 Rc1+ 75. Re1 Rxe1# {Normal} 0-1

[Event "Rated Blitz tournament 7td1VSLG"]
[Site "?"]
[Date "2021.07.11"]
[Round "?"]
[White "HEISENBERG_1956"]
[Black "Secret2700"]
[Result "0-1"]
[WhiteElo "2424"]
[BlackElo "2525"]
[PlyCount "110"]
[EventDate "2021.??.??"]
[EventType "blitz"]

1. e4 e5 2. Nf3 d5 3. Nxe5 Bd6 4. Nxf7 Kxf7 5. e5 Bxe5 6. Qh5+ g6 7. Qxe5 Nf6
8. Kd1 Re8 9. Qf4 Nc6 10. d3 Kg7 11. Nc3 Bf5 12. Bd2 Qd7 13. h3 d4 14. Ne2 Nd5
15. Qh6+ Kg8 16. g4 Be6 17. Bg2 Rf8 18. f4 Ne3+ 19. Bxe3 dxe3 20. f5 Bc4 21.
fxg6 Bxd3 22. Bd5+ Kh8 23. g7+ Qxg7 24. Qxg7+ Kxg7 25. cxd3 Nb4 26. Be4 Rad8
27. Nc1 Rf2 28. Nb3 Nxd3 29. Bxd3 Rxd3+ 30. Ke1 Rxb2 31. Rf1 e2 32. Rf4 Rxh3
33. Kf2 a5 34. Re1 a4 35. Nd4 c5 36. Ne6+ Kg6 37. Rf5 Rh2+ 38. Kf3 Rh6 39. Kf4
Rh2 40. Ke4 h5 41. gxh5+ Kh6 42. Rf6+ Kh7 43. Rg1 e1=Q+ 44. Rxe1 Rbe2+ 45. Rxe2
Rxe2+ 46. Kf5 Rf2+ 47. Ke5 Rxf6 48. Kxf6 c4 49. Nd4 b5 50. Ke5 b4 51. Nf5 b3
52. axb3 cxb3 53. Nd4 b2 54. Nc2 b1=Q 55. Ne3 Qb2+ {Time forfeit} 0-1

[Event "Rated Rapid game"]
[Site "?"]
[Date "2021.07.11"]
[Round "?"]
[White "Blackpelikan"]
[Black "hy847"]
[Result "0-1"]
[WhiteElo "2381"]
[BlackElo "2501"]
[PlyCount "62"]
[EventDate "2021.??.??"]
[EventType "rapid"]

1. e4 e5 2. Nf3 d5 3. Nc3 d4 4. Ne2 Nc6 5. Ng3 Bg4 6. Be2 h5 7. h3 Bxf3 8. Bxf3
g6 9. d3 Bb4+ 10. Bd2 Bxd2+ 11. Qxd2 Nf6 12. Ne2 Qd6 13. g3 O-O-O 14. O-O-O Kb8
15. Kb1 Nd7 16. Bg2 h4 17. f4 hxg3 18. fxe5 Ncxe5 19. Qg5 Nc5 20. Qxg3 f6 21.
Rdf1 Na4 22. Qe1 Qb6 23. Qc1 Rd6 24. Ka1 Rc6 25. Qb1 Qc5 26. Rc1 Rb6 27. b3 Nc3
28. Nxc3 dxc3 29. Rcd1 Nc6 30. Qc1 Nd4 31. Kb1 Ne2 {Time forfeit} 0-1

[Event "Rated Blitz tournament oaoJqNwe"]
[Site "?"]
[Date "2021.07.11"]
[Round "?"]
[White "giichess"]
[Black "om_gendut"]
[Result "0-1"]
[WhiteElo "2223"]
[BlackElo "2438"]
[PlyCount "26"]
[EventDate "2021.??.??"]
[EventType "blitz"]

1. e4 e5 2. Nf3 d5 3. exd5 e4 4. Qe2 Be7 5. d3 exf3 6. Qxf3 Nf6 7. Nc3 O-O 8.
Bg5 Nxd5 9. Nxd5 Bxg5 10. c4 Nc6 11. h4 Nd4 12. Qd1 Be7 13. Qe2 Nxe2 {Normal}
0-1

[Event "Rated Blitz game"]
[Site "?"]
[Date "2021.07.11"]
[Round "?"]
[White "petergo"]
[Black "Schachelite"]
[Result "0-1"]
[WhiteElo "2509"]
[BlackElo "2463"]
[PlyCount "64"]
[EventDate "2021.??.??"]
[EventType "blitz"]

1. e4 e5 2. Nf3 d5 3. Nxe5 Bd6 4. d4 dxe4 5. Bf4 Nf6 6. Nc3 O-O 7. Qd2 Nbd7 8.
O-O-O Qe7 9. Nc4 Bxf4 10. Qxf4 c6 11. Qd6 Re8 12. Qxe7 Rxe7 13. Nd6 Re6 14.
Nxf7 Kxf7 15. Bc4 Nb6 16. Bxe6+ Bxe6 17. Rhe1 Bf5 18. h3 Nbd5 19. g4 Nxc3 20.
bxc3 Bg6 21. c4 h6 22. c3 Re8 23. Kd2 Nd7 24. c5 Nf6 25. Rb1 Re7 26. c4 h5 27.
g5 Nh7 28. h4 Nf8 29. Kc3 Ne6 30. Rb2 Rd7 31. Rd1 Nxc5 32. d5 Na4+ {Normal} 0-1

[Event "Rated Blitz tournament 1PKB7ZGY"]
[Site "?"]
[Date "2021.07.11"]
[Round "?"]
[White "MadanGowri"]
[Black "om_gendut"]
[Result "0-1"]
[WhiteElo "2324"]
[BlackElo "2440"]
[PlyCount "44"]
[EventDate "2021.??.??"]
[EventType "blitz"]

1. e4 e5 2. Nf3 d5 3. Nxe5 Bd6 4. Nf3 dxe4 5. Nd4 Nf6 6. Nb3 O-O 7. Nc3 Nc6 8.
Bb5 Qe7 9. h3 Bd7 10. O-O Qe5 11. g3 Bxh3 12. Re1 Bg4 13. Be2 Qh5 14. Nxe4 Nxe4
15. Bxg4 Qg6 16. Qf3 f5 17. Bh3 Ng5 18. Qd5+ Kh8 19. Bg2 f4 20. d3 fxg3 21.
fxg3 Nf7 22. Qe4 Qxg3 {Normal} 0-1

[Event "Rated Blitz game"]
[Site "?"]
[Date "2021.07.11"]
[Round "?"]
[White "themiddleway"]
[Black "blastol"]
[Result "1-0"]
[WhiteElo "2339"]
[BlackElo "2461"]
[PlyCount "42"]
[EventDate "2021.??.??"]
[EventType "blitz"]

1. e4 e5 2. Nf3 d5 3. Nxe5 Bd6 4. d4 dxe4 5. Nc3 Nf6 6. Bg5 O-O 7. Bc4 Nc6 8.
Nxc6 bxc6 9. O-O Bf5 10. f3 e3 11. Bxe3 Rb8 12. Bb3 Nd5 13. Bf2 Nf4 14. Ne2 Qg5
15. Nxf4 Bxf4 16. Re1 Rbd8 17. Re2 Rd6 18. Qe1 Rg6 19. g3 Qh5 20. Re8 Qxf3 21.
Qe7 h5 {Normal} 1-0

[Event "Rated Blitz tournament jNVw3Ude"]
[Site "?"]
[Date "2021.07.11"]
[Round "?"]
[White "Russian_monster"]
[Black "dr_xStranger"]
[Result "1/2-1/2"]
[WhiteElo "2717"]
[BlackElo "2531"]
[PlyCount "116"]
[EventDate "2021.??.??"]
[EventType "blitz"]

1. e4 e5 2. Nf3 d5 3. Nxe5 Bd6 4. d4 dxe4 5. Nc4 Nf6 6. Bg5 O-O 7. Nc3 Re8 8.
Bxf6 Qxf6 9. Ne3 Bf4 10. Be2 Qh6 11. Qd2 Nc6 12. g3 Bd6 13. O-O-O Bd7 14. Nc4
Bf8 15. Qxh6 gxh6 16. Nd5 Red8 17. Nxc7 Rac8 18. Nd5 Be6 19. Nf6+ Kg7 20. Nh5+
Kh8 21. c3 Nxd4 22. cxd4 Bxc4 23. Bxc4 Rxc4+ 24. Kb1 Rcxd4 25. Rxd4 Rxd4 26.
Rc1 Rd5 27. g4 Rd8 28. Rc7 Kg8 29. Rxb7 Bg7 30. Rxa7 Bd4 31. Re7 Rb8 32. b3 Kf8
33. Rxe4 Bxf2 34. Kc2 Rc8+ 35. Kd3 Bh4 36. Rc4 Rd8+ 37. Rd4 Ra8 38. a4 Bf2 39.
Rf4 Rd8+ 40. Kc4 Be3 41. Re4 Rc8+ 42. Kd3 Bg1 43. a5 Bxh2 44. b4 Rd8+ 45. Kc4
Bb8 46. a6 Rd6 47. b5 Ba7 48. Kb4 Rd5 49. Rc4 Ke8 50. Rc8+ Kd7 51. Rc6 Rd4+ 52.
Rc4 Rd1 53. Nf6+ Ke6 54. Nxh7 Rb1+ 55. Ka5 Ra1+ 56. Kb4 Rb1+ 57. Ka4 Ra1+ 58.
Kb4 Rb1+ {Normal} 1/2-1/2

[Event "Rated Blitz game"]
[Site "?"]
[Date "2021.07.11"]
[Round "?"]
[White "Prettyfishy"]
[Black "Fantastic_power06"]
[Result "0-1"]
[WhiteElo "2670"]
[BlackElo "2671"]
[PlyCount "62"]
[EventDate "2021.??.??"]
[EventType "blitz"]

1. e4 e5 2. Nf3 d5 3. exd5 e4 4. Ne5 Qxd5 5. d4 exd3 6. Nxd3 Nf6 7. Nc3 Qf5 8.
g3 Be6 9. Bg2 Nc6 10. Be3 Be7 11. O-O O-O-O 12. Re1 Ne5 13. Bxa7 Nxd3 14. cxd3
Qxd3 15. Qa4 Qa6 16. Qxa6 bxa6 17. Rac1 Bb4 18. a3 Bxc3 19. Rxc3 Nd5 20. Rc2
Kb7 21. Bd4 c6 22. Bxg7 Rhe8 23. Rec1 Rc8 24. h4 f6 25. Rc5 Bf7 26. b4 Rc7 27.
Bh6 Re2 28. Bf4 Rc8 29. Bf3 Ra2 30. Bh6 Rxa3 31. Bg7 Rxf3 {Normal} 0-1

[Event "Rated Blitz tournament jNVw3Ude"]
[Site "?"]
[Date "2021.07.11"]
[Round "?"]
[White "Quparadze"]
[Black "dr_xStranger"]
[Result "1-0"]
[WhiteElo "2693"]
[BlackElo "2542"]
[PlyCount "53"]
[EventDate "2021.??.??"]
[EventType "blitz"]

1. e4 e5 2. Nf3 d5 3. exd5 e4 4. Qe2 Nf6 5. Nc3 Be7 6. Nxe4 O-O 7. d3 Re8 8.
Bd2 Nxd5 9. O-O-O f5 10. Bc3 fxe4 11. dxe4 Nxc3 12. Qc4+ Nd5 13. Rxd5 Be6 14.
Rxd8 Bxd8 15. Qb5 Nd7 16. Bc4 Bxc4 17. Qxc4+ Kf8 18. Rd1 Nb6 19. Qc5+ Be7 20.
Qxc7 Rac8 21. Qxb7 Kg8 22. e5 Bc5 23. Nd4 Nc4 24. Qd5+ Kh8 25. Qxc4 Bb6 26. Qd3
Rc3 27. Qxc3 {Normal} 1-0

[Event "Rated Blitz tournament 1PKB7ZGY"]
[Site "?"]
[Date "2021.07.11"]
[Round "?"]
[White "Evan-chess"]
[Black "Chandra_PW"]
[Result "0-1"]
[WhiteElo "2376"]
[BlackElo "2479"]
[PlyCount "82"]
[EventDate "2021.??.??"]
[EventType "blitz"]

1. e4 e5 2. Nf3 d5 3. d3 dxe4 4. dxe4 Qxd1+ 5. Kxd1 Bg4 6. Bd3 Nc6 7. Nbd2 Bc5
8. h3 Bxf3+ 9. Nxf3 Bxf2 10. Ke2 Bb6 11. c3 O-O-O 12. Bg5 f6 13. Bh4 Nge7 14.
Rad1 Ng6 15. Bg3 Kb8 16. h4 h5 17. b4 Nf4+ 18. Bxf4 exf4 19. a4 Be3 20. Bc4 Ne5
21. Be6 Ng4 22. Rxd8+ Rxd8 23. Rd1 Rxd1 24. Kxd1 Nf2+ 25. Kc2 Nxe4 26. Bf7 Ng3
27. Kd3 c6 28. Nd4 Bxd4 29. Kxd4 Nf5+ 30. Kd3 Nxh4 31. Bxh5 Nxg2 32. Ke4 g5 33.
Kf5 f3 34. Kxf6 f2 35. Be2 Ne3 36. Kxg5 f1=Q 37. Bxf1 Nxf1 38. b5 cxb5 39. axb5
Kc7 40. c4 Kb6 41. Kf5 Ne3+ {Normal} 0-1

[Event "Rated Blitz game"]
[Site "?"]
[Date "2021.07.11"]
[Round "?"]
[White "feuervogel1"]
[Black "lavilaine"]
[Result "1-0"]
[WhiteElo "2436"]
[BlackElo "2446"]
[PlyCount "143"]
[EventDate "2021.??.??"]
[EventType "blitz"]

1. e4 e5 2. Nf3 d5 3. Bb5+ c6 4. Bd3 dxe4 5. Bxe4 Nf6 6. Nc3 Bd6 7. O-O O-O 8.
d4 exd4 9. Qxd4 Bg4 10. Be3 Nxe4 11. Qxe4 Bxf3 12. Qxf3 Qh4 13. h3 Na6 14. Rad1
Bc5 15. Bxc5 Nxc5 16. Rfe1 Rad8 17. Rxd8 Rxd8 18. Qe3 Ne6 19. Qxa7 Qb4 20. Qa3
Qxa3 21. bxa3 Rd2 22. Re2 Rxe2 23. Nxe2 Kf8 24. Kf1 Ke7 25. Ke1 Kd6 26. Kd2 Kd5
27. Nc3+ Kc4 28. Ne4 Kd5 29. Kd3 f5 30. Nc3+ Kc5 31. g3 b5 32. a4 b4 33. Nd1 g5
34. c3 f4 35. Nb2 h5 36. cxb4+ Kxb4 37. Ke4 fxg3 38. fxg3 h4 39. gxh4 gxh4 40.
Kf5 Nc5 41. Kg4 Nxa4 42. Nd3+ Kc3 43. Ne5 c5 44. Kxh4 Kd4 45. Nc6+ Kd5 46. Na5
Nc3 47. a3 Nb5 48. a4 Nc3 49. Kg5 Nxa4 50. h4 Nb6 51. h5 Nd7 52. h6 Nf8 53. Kf6
Kd6 54. Kg7 Ne6+ 55. Kf7 Ng5+ 56. Kg6 Ne6 57. Nc4+ Kd5 58. Ne3+ Ke4 59. Nc4 Kd4
60. Nd6 c4 61. Kf6 c3 62. Nb5+ Kc5 63. Nxc3 Nf8 64. Ne4+ Kd5 65. Ng5 Kd6 66.
Kf7 Nd7 67. h7 Ne5+ 68. Kf6 Nd7+ 69. Kf5 Nc5 70. h8=Q Ne4 71. Qe5+ Kc6 72.
Qxe4+ {Time forfeit} 1-0

[Event "Rated Blitz game"]
[Site "?"]
[Date "2021.07.11"]
[Round "?"]
[White "quicksilver2"]
[Black "KamranShirazi"]
[Result "1-0"]
[WhiteElo "2458"]
[BlackElo "2541"]
[PlyCount "73"]
[EventDate "2021.??.??"]
[EventType "blitz"]

1. e4 e5 2. Nf3 d5 3. Nxe5 Bd6 4. d4 dxe4 5. Nc4 f5 6. Nxd6+ Qxd6 7. g3 Nf6 8.
c3 O-O 9. Bf4 Qe7 10. Bc4+ Be6 11. Qb3 Bxc4 12. Qxc4+ Kh8 13. Qxc7 Qe8 14. O-O
Nd5 15. Qe5 Nxf4 16. Qxf4 Nd7 17. Nd2 Nb6 18. Rae1 Nd5 19. Qh4 Qd7 20. Nc4 Qb5
21. Ne5 Rf6 22. c4 Qxb2 23. cxd5 Qxd4 24. Qf4 Qxd5 25. Rd1 Qxa2 26. Rd7 h6 27.
Rfd1 Raf8 28. Rxb7 Qe6 29. Nd7 Rd8 30. Qc7 Rff8 31. Rd6 Qg8 32. Nxf8 Rxf8 33.
Rxa7 e3 34. fxe3 Rc8 35. Rxh6+ gxh6 36. Qe5+ Qg7 37. Qxg7# {Normal} 1-0